书目信息 |
| 题名: |
新时代明德大学英语阅读教程
|
|
| 作者: | 胡杰辉, 总主编 ;黄永亮, , 杨帅 主编 | |
| 分册: | 4 | |
| 出版信息: | 北京 高等教育出版社 2024.08 |
|
| 页数: | 148页 | |
| 开本: | 28cm | |
| 丛书名: | ||
| 单 册: | ||
| 中图分类: | H319.37 | |
| 科图分类: | ||
| 主题词: | 英语--ying yu--阅读--高等学校--教材 | |
| 电子资源: | ||
| ISBN: | 978-7-04-062876-0 | |
| 000 | 01224nam0 2200289 450 | |
| 001 | CAL 012024147850 | |
| 005 | 20251022102316.06 | |
| 010 | @a978-7-04-062876-0@dCNY40.00 | |
| 099 | @aCAL 012024147850 | |
| 100 | @a20241225d2024 em y0chiy0120 ea | |
| 101 | 0 | @achi@aeng |
| 102 | @aCN@b110000 | |
| 105 | @aa z 000yy | |
| 106 | @ar | |
| 200 | 1 | @a新时代明德大学英语阅读教程@Axin shi dai ming de da xue ying yu yue du jiao cheng@h4@d= New era Mingde College English reading coursebook@h4@f总主编胡杰辉@g主编黄永亮, 杨帅主编@zeng |
| 210 | @a北京@c高等教育出版社@d2024.08 | |
| 215 | @a148页@c图@d28cm | |
| 330 | @a本书共八单元,单元主题均涉及国家、社会、公民三个层面,同时涵盖中国文化及党的二十大精神主题。阅读技巧训练方面,涵盖了词汇与语篇、认知与元认知、局部与全局等各个层面的阅读技巧,系统训练学生的英语阅读技能。 | |
| 510 | 1 | @aNew era Mingde College English reading coursebook@h4@zeng |
| 606 | 0 | @a英语@Aying yu@x阅读@x高等学校@j教材 |
| 690 | @aH319.37@v5 | |
| 701 | 0 | @a胡杰辉,@Ahu jie hui@f1979-@4总主编 |
| 702 | 0 | @a黄永亮,@Ahuang yong liang@f1978-@4主编 |
| 702 | 0 | @a杨帅@Ayang shuai@4主编 |
| 801 | 0 | @aCN@c20250919 |
| 905 | @a河南城建学院图书馆@dH319.37@eH472/2:4@ZH472/2:4@f1 | |
| 998 | @aHQWY | |
| 新时代明德大学英语阅读教程.4= New era Mingde College English reading coursebook.4/总主编胡杰辉/主编黄永亮, 杨帅主编.-北京:高等教育出版社,2024.08 |
| 148页:图;28cm |
| ISBN 978-7-04-062876-0:CNY40.00 |
| 本书共八单元,单元主题均涉及国家、社会、公民三个层面,同时涵盖中国文化及党的二十大精神主题。阅读技巧训练方面,涵盖了词汇与语篇、认知与元认知、局部与全局等各个层面的阅读技巧,系统训练学生的英语阅读技能。 |
| ● |
| 相关链接 |
|
|
|
正题名:新时代明德大学英语阅读教程
索取号:H319.37/H472/2:4
 
预约/预借
| 序号 | 登录号 | 条形码 | 馆藏地/架位号 | 状态 | 备注 |
| 1 | 1637704 | 216377043 | 语言库209/209语言库 43排3列3层/ [索取号:H319.37/H472/2:4] | 在馆 |